000 00303 a2200109 4500
001 ART_11387
005 20260410161857.0
008 260409a
245 1 0 _aSistemas Previsionales
100 1 _aFerro, Gustavo
773 0 _tRevista de Economía
_g- Nº 78 (jul./sep. 1995)
_wREV11077
999 _c25524
_d25524